Click the German State on a Map - Statistics

General Stats
  • This quiz has been taken 147 times
  • The average score is 13 of 16
Answers on the Map
Answers color-coded by a green-red scale on the quiz's map according to % correct below.
 
Answer Stats
Answer % Correct
Bavaria
91%
Berlin
91%
Hamburg
88%
Baden-Württemberg
87%
Mecklenburg-Vorpommern
85%
Saarland
85%
Brandenburg
84%
Schleswig-Holstein
84%
Bremen
83%
Rhineland-Palatinate
83%
Hesse
77%
North Rhine-Westphalia
77%
Saxony-Anhalt
76%
Lower Saxony
75%
Thuringia
75%
Saxony
72%
No matching quizzes found
Score Distribution
Percent of People with Each Score
Percentile by Number Answered
Your Score History
You have not taken this quiz